000 00536nam a2200193Ia 4500
003 GCL
008 140319s9999 xx 000 0 eng d
020 _a9 780953 1255
040 _aGCL /
_cGCL
082 0 4 _a915.93
_bW T
100 1 _aWAGNER, JOHN
245 1 0 _aTHAILAND'S FLOATING MARKET /
_cWAGNER, JOHN
260 _aانجلترا :
_bPHOTO PUBLISHING COMPANY LIMITED ،
_c1997
300 _a18 CM ؛
_cMULTI
650 0 4 _aPHOTOGRAPHY
650 0 4 _aTHAILAND
650 0 4 _aTHAILAND - DESCRIPTION AND TRAVEL
942 _2ddc
_cBK
999 _c1909
_d1909